The road to recovery (Record no. 110889)
[ view plain ]
| 000 -LEADER | |
|---|---|
| fixed length control field | 01331cad a22002055a 4500 |
| 001 - CONTROL NUMBER | |
| control field | L150471 |
| 008 - FIXED-LENGTH DATA ELEMENTS--GENERAL INFORMATION | |
| fixed length control field | 100716s2010 xxk 000 0 eng d |
| 035 ## - SYSTEM CONTROL NUMBER | |
| System control number | (Sirsi) u150471 |
| 041 0# - LANGUAGE CODE | |
| Language code of text/sound track or separate title | eng |
| 050 04 - LIBRARY OF CONGRESS CALL NUMBER | |
| Classification number | 333.33 $2 18 |
| 110 2# - MAIN ENTRY--CORPORATE NAME | |
| Corporate name or jurisdiction name as entry element | BNP Paribas Real Estate |
| 9 (RLIN) | 5715 |
| 245 04 - TITLE STATEMENT | |
| Title | The road to recovery |
| Remainder of title | learning from the past and looking to the future - July 2010 |
| Medium | [electronic resource] |
| 260 ## - PUBLICATION, DISTRIBUTION, ETC. | |
| Place of publication, distribution, etc. | [S.l.] |
| Date of publication, distribution, etc. | BNP Paribas Real Estate, 2010 |
| 520 ## - SUMMARY, ETC. | |
| Summary, etc. | Predicts the state of the UK property market in 2012 through an analysis of past recessions. Capital values will remain flat overall until 2012 and rents fairly static. With this recession market values could take until at least 2025 to return to their 2007 peak. Banks should continue to asset manage positions actively using experienced surveyors or property companies to restore value. It is now essential that banks get better at assessing risk and adopt due diligence properly across the sector. |
| 590 ## - LOCAL NOTE (RLIN) | |
| Local note | KA NTK |
| 651 #4 - SUBJECT ADDED ENTRY--GEOGRAPHIC NAME | |
| Geographic name | United Kingdom |
| Chronological subdivision | |
| 690 ## - LOCAL SUBJECT ADDED ENTRY--TOPICAL TERM (OCLC, RLIN) | |
| Topical term or geographic name as entry element | PROPERTY-COMMERCIAL PROPERTY-COMMERCIAL PROPERTY FINANCE AND INVESTMENT |
| 856 48 - ELECTRONIC LOCATION AND ACCESS | |
| Uniform Resource Identifier | <a href="https://www.realestate.bnpparibas.co.uk/pages/etudes_sectorielles/resultrecherche_uk.php?s_wbg_menu=538&p=gb&l=en&t=defaut&toutes=1">https://www.realestate.bnpparibas.co.uk/pages/etudes_sectorielles/resultrecherche_uk.php?s_wbg_menu=538&p=gb&l=en&t=defaut&toutes=1</a> |
| Public note | View this report free of charge at www.realestate.bnpparibas.co.uk |
| 942 ## - ADDED ENTRY ELEMENTS (KOHA) | |
| Suppress in OPAC | 0 |
| Withdrawn status | Lost status | Source of classification or shelving scheme | Damaged status | Not for loan | Home library | Current library | Shelving location | Date acquired | Total Checkouts | Full call number | Barcode | Date last seen | Copy number | Price effective from | Koha item type |
|---|---|---|---|---|---|---|---|---|---|---|---|---|---|---|---|
| Dewey Decimal Classification | Virtual | Virtual | Online | 16/07/2010 | ONLINE PUBLICATION | 150471-2001 | 06/08/2019 | 1 | 06/08/2019 | Book |